Statistics for 3 Biggest cities by country #5

Click here to take the quiz!

General Stats

  • This quiz has been taken 510 times
  • The average score is 17 of 24

Answer Stats

Answer% Correct
Dublin
99%
Helsinki
99%
Stockholm
99%
Oslo
98%
Bogota
97%
Algiers
93%
Riyadh
92%
Lagos
91%
Cork
83%
Mecca
83%
Medellin
79%
Gothenburg
78%
Abuja
77%
Malmo
77%
Bergen
73%
Jeddah
70%
Cali
67%
Limerick
53%
Kano
52%
Oran
42%
Tampere
41%
Turku
37%
Stavanger/Sandnes
29%
Constantine
14%

Score Distribution

Percentile by Number Answered

Percent of People with Each Score

Your Score History

You have not taken this quiz